Bad Hombres 2023 / directed by John Stalberg Jr. ; written by Nick Tuner, Rex New, John Stalberg Jr. (Record no. 20992)

000 -LEADER
fixed length control field 01072nam a2200205 4500
008 - FIXED-LENGTH DATA ELEMENTS--GENERAL INFORMATION
fixed length control field 250529b xxu||||| |||| 00| 0 eng d
040 ## - CATALOGING SOURCE
Original cataloging agency Cagayan State University
082 ## - DEWEY DECIMAL CLASSIFICATION NUMBER
Classification number 791.4372
Item number B132 2023
245 ## - TITLE STATEMENT
Title Bad Hombres 2023 / directed by John Stalberg Jr. ; written by Nick Tuner, Rex New, John Stalberg Jr.
260 ## - PUBLICATION, DISTRIBUTION, ETC. (IMPRINT)
Place of publication, distribution, etc United States :
Name of publisher, distributor, etc [Name of Publisher not identified],
Date of publication, distribution, etc 2023.
300 ## - PHYSICAL DESCRIPTION
Extent 1 video file (ca. 93 mins.) ;
Other physical details sound, color.
520 ## - SUMMARY, ETC.
Summary, etc Desperate to provide for his family, undocumented immigrant Cesar is hired alongside day-laborer Alfonso to work for Donnie, a brute who is also a psychopathic criminal. Now finding themselves entangled in the aftermath of a botched drug deal, Cesar and Alfonso must band together to survive. Luckily, Alfonso has a criminal past of his own that might be what he and Cesar need to make it out alive.
546 ## - LANGUAGE NOTE
Language note English
650 ## - SUBJECT ADDED ENTRY--TOPICAL TERM
Topical term or geographic name as entry element Crime.
650 ## - SUBJECT ADDED ENTRY--TOPICAL TERM
Topical term or geographic name as entry element Thriller.
700 ## - ADDED ENTRY--PERSONAL NAME
Personal name Tinoco, Diego star.
700 ## - ADDED ENTRY--PERSONAL NAME
Personal name Villegas, Steve Louis star.
700 ## - ADDED ENTRY--PERSONAL NAME
Personal name Madera, Hemky star.
942 ## - ADDED ENTRY ELEMENTS (KOHA)
Source of classification or shelving scheme
Item type Audio-Visual Materials
Holdings
Source of acquisition Price effective from Permanent location Date last seen Not for loan Date acquired Source of classification or shelving scheme Koha item type Collection code Shelving location Damaged status Lost status Withdrawn status Current location Full call number
Donation2025-05-29Cagayan State University - Carig Library2025-05-29 2025-05-29 Audio-Visual MaterialsElectronic Media CenterElectronic Media Center   Cagayan State University - Carig Library791.4372 B132 2023

Cagayan State University University Library, Carig Campus
Tuguegarao City, Cagayan 3500 | www.csucarig.edu.ph

Powered by Koha